Matematika pre 5. ročník základných škôl 2. diel

Bibliographic Details
Main Authors: Urbanová, Jaroslava (Author), Koman, Milan, 1932-2012 (Author), Řebíčková, Daniela (Author)
Other Authors: Dodeková, Estera (Translator), Rytina, Václav, 1945-2004 (Illustrator)
Format: Book
Language:Slovak
PhysicalDescription:142 s. Ilustr., sch., tab. 21 cm
Published: Bratislava Slovenské pedagogické nakladateľstvo 1995
ISBN:8008004541
Edition:4. vyd.
Subjects:

MARC

LEADER 00000nam a2200000 a 4500
001 vtls001058698
003 SK-MaSNL
005 20260301061651.0
008 251104s1995 xo a r 00000 slo
015 |a SNBA1995/0902489 
020 |a 8008004541 
035 |a SNK000001515 
040 |a SNK  |b slo  |c SNK  |e AACR2 
041 0 |a slo 
044 |a SK 
080 |a 37.016:51(075.2)  |2 2001 
080 |a 51(075.2)  |2 2001 
100 1 |a Urbanová, Jaroslava  |4 aut  |9 375124 
245 1 0 |a Matematika pre 5. ročník základných škôl  |n 2. diel  |c Jaroslava Urbanová, Milan Koman, Daniela Řebíčková ; Prel. Estera Dodeková; Ilustr. Václav Rytina 
250 |a 4. vyd. 
260 |a Bratislava  |b Slovenské pedagogické nakladateľstvo  |c 1995 
300 |a 142 s.  |b Ilustr., sch., tab.  |c 21 cm 
500 |a Rozlož. ilustr. tit. strana 
650 0 7 |a matematika  |2 SNKPH  |9 70174 
655 7 |a učebnice základných škôl  |2 SNKPH  |9 70187 
700 1 |a Koman, Milan,  |d 1932-2012  |4 aut  |9 208318 
700 1 |a Řebíčková, Daniela  |4 aut  |9 60432 
700 1 |a Dodeková, Estera  |4 trl  |9 277885 
700 1 |a Rytina, Václav,  |d 1945-2004  |4 ill  |9 256026 
852 |a Slovenská národná knižnica 
919 |a 80-08-00454-1 
954 |a matematika 
958 |a TL 
958 |a OP 
958 |a NS 
958 |a UX 
958 |a CZ 
968 |b ČES 
999 |c 617953  |d 619883 
952 |t P60, <09>, [BOOK], {629}  |a SNK  |b SNK  |y NEVYP  |7 0  |o snkC 1276  |i snk2503/950804  |0 0  |1 0  |4 0  |d 1995-08-01  |l 0  |r 2004-12-31 00:00:00  |w 2026-02-23 
952 |t P60, <03>, [BOOK], {603}  |a SNK  |b SNK  |y PREZ  |7 0  |o snkSC 88681/2  |i snkKSP 7124/95  |0 0  |1 0  |4 0  |d 1995-08-10  |l 0  |r 2004-12-31 00:00:00  |w 2026-02-23 
952 |t P60, <04>, [BOOK], {604}  |a SNK  |b SNK  |y VYP  |7 0  |p 17A0003039  |o snkSC 88681/2 D1  |i snkKSP 7125/95  |0 0  |1 0  |4 0  |d 1995-08-10  |l 0  |r 2004-12-31 00:00:00  |w 2026-02-23 
952 |a SNK  |b SNK  |y PREZ  |7 0  |p 17A1013389  |o snkSC 88681/2   |0 0  |1 0  |4 0  |d 2012-08-20  |f 1  |l 0  |r 2025-09-08 00:00:00  |w 2026-02-23